Statistics (Record no. 258913)
[ view plain ]
| 000 -LEADER | |
|---|---|
| fixed length control field | 00228nam a22000977a 4500 |
| 020 ## - INTERNATIONAL STANDARD BOOK NUMBER | |
| ISBN | 9780132069519 |
| 245 ## - TITLE STATEMENT | |
| Title | Statistics |
| 250 ## - EDITION STATEMENT | |
| Edition statement | 11th ed |
| 260 ## - PUBLICATION, DISTRIBUTION, ETC. (IMPRINT) | |
| Place of publication | Upper Saddle River, N.J. |
| Name of publisher | Pearson Prentice Hall, |
| Year of publication | 2009 |
| 942 ## - ADDED ENTRY ELEMENTS (KOHA) | |
| Koha item type | Long Loan Books |
| Withdrawn status | Lost status | Home library | Current library | Date acquired | Full call number | Accession Number | Koha item type |
|---|---|---|---|---|---|---|---|
| Rongo University Library | Rongo University Library | 03/08/2020 | QA276.12 .M4 2009 | 201902128 | Long Loan Books |
